000 00396 a2200169 4500
001 72643
020 _a8576668157
040 _cAnchieta - Colégio São Paulo
100 _aManuel Filho
240 1 0 _aEu sei o que estou fazendo
_lpor
245 1 0 _aEu sei o que estou fazendo
300 _a88
362 0 _a2006
440 1 _aEscala Educacional
650 4 _aLiteratura juvenil
942 _cBK
999 _c72643
_d72643